|
|
|
|
| LEADER |
00925nam a22002537a 4500 |
| 001 |
7025 |
| 003 |
BD-DhAAL |
| 005 |
20140302112214.0 |
| 008 |
140302s1993 xxu 000 0 eng |
| 020 |
|
|
|a 1882839129
|
| 040 |
|
|
|a BD-DhAAL
|c BD-DhAAL
|
| 082 |
|
|
|2 20
|a 362.10685
|
| 100 |
|
0 |
|a Hilton, Martine.
|9 2647
|
| 245 |
|
|
|a Assessing the quality of service :
|b facilitator's guide /
|c Hilton, Martine
|
| 260 |
|
|
|a Washington, DC :
|b Aga Khan Foundation,
|c 1993.
|
| 300 |
|
|
|a 46 p. ;
|c 21 cm.
|
| 490 |
0 |
|
|a Primary health care management advancement programme
|v 6
|
| 541 |
|
|
|e 3010007025
|
| 650 |
|
0 |
|a Medical care
|x Evaluation
|9 3916
|
| 650 |
|
0 |
|a Health facilities
|x Evaluation
|9 3917
|
| 650 |
|
0 |
|a Primary health care
|x Evaluation
|9 3918
|
| 942 |
|
|
|2 ddc
|c BK
|
| 999 |
|
|
|c 14187
|d 14187
|
| 952 |
|
|
|0 0
|1 0
|2 ddc
|4 0
|6 362_106850000000000_HIL
|7 0
|9 23931
|a BRACUL
|b BRACUL
|c GEN
|d 2014-03-02
|l 0
|o 362.10685 HIL
|p 3010007025
|r 2014-03-02
|t 1
|w 2014-03-02
|y BK
|